000 00257nam a2200097Ia 4500
001 767187
005 20250826165355.0
008 250824s9999 xx 000 0 und d
245 0 _aSİYERİ NEBİ
_cEYÜP KİRPİTCİ
260 _bSELÇUKLU BELEDİYESİ YAYINLARI
999 _c767187
_d767187